<?xml version="1.0" encoding="UTF-8"?>
<record
    xmlns:xsi="http://www.w3.org/2001/XMLSchema-instance"
    xsi:schemaLocation="http://www.loc.gov/MARC21/slim http://www.loc.gov/standards/marcxml/schema/MARC21slim.xsd"
    xmlns="http://www.loc.gov/MARC21/slim">

  <leader>01473nam a22002417a 4500</leader>
  <datafield tag="999" ind1=" " ind2=" ">
    <subfield code="c">6232</subfield>
    <subfield code="d">6232</subfield>
  </datafield>
  <controlfield tag="003">DO-SdBJH</controlfield>
  <controlfield tag="005">20210527194422.0</controlfield>
  <controlfield tag="008">210527b           ||||| |||| 00| 0 spa d</controlfield>
  <datafield tag="040" ind1=" " ind2=" ">
    <subfield code="a">DO-SdBJH</subfield>
    <subfield code="b">spa</subfield>
    <subfield code="c">DO-SdBJH</subfield>
  </datafield>
  <datafield tag="090" ind1=" " ind2=" ">
    <subfield code="a">TG AAGBPFAFM</subfield>
    <subfield code="b">01493 2018</subfield>
  </datafield>
  <datafield tag="100" ind1="1" ind2=" ">
    <subfield code="a">Marte Pujols, Luis David</subfield>
    <subfield code="e">sustentante</subfield>
  </datafield>
  <datafield tag="245" ind1="1" ind2="0">
    <subfield code="a">Revisi&#xF3;n de los planes de la Fuerza A&#xE9;rea de Rep&#xFA;blica Dominicana para las operaciones en apoyo a la conservaci&#xF3;n del medio ambiente / </subfield>
    <subfield code="c"> Luis David Marte Pujols, Steven Reyes L&#xF3;pez, asesores Rey Familia Dotel, Tebi Rodr&#xED;guez</subfield>
  </datafield>
  <datafield tag="260" ind1=" " ind2=" ">
    <subfield code="a">Santo Domingo Este :</subfield>
    <subfield code="b">INSUDE, </subfield>
    <subfield code="c">2018</subfield>
  </datafield>
  <datafield tag="300" ind1=" " ind2=" ">
    <subfield code="a">xiii, 62 p&#xE1;ginas</subfield>
  </datafield>
  <datafield tag="502" ind1=" " ind2=" ">
    <subfield code="a">Trabajo de grado (Licenciatura en Ciencias Aeron&#xE1;uticas). -- Instituto Superior para la Defensa (INSUDE). Academia A&#xE9;rea Gral. De Brig. Pil. Frank A. Feliz Miranda, 2018</subfield>
  </datafield>
  <datafield tag="504" ind1=" " ind2=" ">
    <subfield code="a">Incluye referencias bibliogr&#xE1;ficas e &#xED;ndices</subfield>
  </datafield>
  <datafield tag="505" ind1=" " ind2=" ">
    <subfield code="a">Antecedentes hist&#xF3;ricos de la revisi&#xF3;n de la Fuerza A&#xE9;rea de Rep&#xFA;blica Dominicana para las operaciones en apoyo a la conservaci&#xF3;n del medio ambiente. -- Importancia de la revisi&#xF3;n de la Fuerza A&#xE9;rea de Rep&#xFA;blica Dominicana para las operaciones en apoyo a la conservaci&#xF3;n del medio ambiente</subfield>
  </datafield>
  <datafield tag="700" ind1="1" ind2=" ">
    <subfield code="a"> Reyes L&#xF3;pez, Steven</subfield>
    <subfield code="e">sustentante</subfield>
  </datafield>
  <datafield tag="700" ind1="1" ind2=" ">
    <subfield code="a">Familia Dotel,  Rey </subfield>
    <subfield code="e">asesor</subfield>
  </datafield>
  <datafield tag="700" ind1="1" ind2=" ">
    <subfield code="a">Rodr&#xED;guez, Tebi </subfield>
    <subfield code="e">asesor</subfield>
  </datafield>
  <datafield tag="830" ind1=" " ind2=" ">
    <subfield code="a">INSUDE. Academia A&#xE9;rea Gral. De Brig. Pil. Frank A. Feliz Miranda. Tesis y disertaciones acad&#xE9;micas</subfield>
  </datafield>
  <datafield tag="942" ind1=" " ind2=" ">
    <subfield code="2">CL</subfield>
    <subfield code="c">T</subfield>
  </datafield>
  <datafield tag="952" ind1=" " ind2=" ">
    <subfield code="0">0</subfield>
    <subfield code="1">0</subfield>
    <subfield code="2">CL</subfield>
    <subfield code="4">0</subfield>
    <subfield code="7">1</subfield>
    <subfield code="8">TG</subfield>
    <subfield code="a">BJHA</subfield>
    <subfield code="b">BJHA</subfield>
    <subfield code="d">2021-05-27</subfield>
    <subfield code="i">01493</subfield>
    <subfield code="l">0</subfield>
    <subfield code="o">TG AAGBPFAFM 01493 2018</subfield>
    <subfield code="p">01493</subfield>
    <subfield code="r">2021-05-27 00:00:00</subfield>
    <subfield code="t">e.1</subfield>
    <subfield code="w">2021-05-27</subfield>
    <subfield code="y">T</subfield>
  </datafield>
</record>
